Nepal : Recent Economic Developments.

This paper reviews economic developments in Nepal during 1990-97. With a new government coming to office in December 1994, progress on structural reforms stalled in 1994/95 and financial policies weakened. GDP growth slowed to 2.9 percent, reflecting adverse conditions in agriculture. The external s...

Cijeli opis

Bibliografski detalji
Autor kompanije: International Monetary Fund
Format: Žurnal
Jezik:English
Izdano: Washington, D.C. : International Monetary Fund, 1997.
Serija:IMF Staff Country Reports; Country Report ; No. 1997/062
Online pristup:Full text available on IMF
LEADER 01633cas a2200241 a 4500
001 AALejournalIMF000426
008 230101c9999 xx r poo 0 0eng d
020 |c 5.00 USD 
020 |z 9781451829860 
022 |a 1934-7685 
040 |a BD-DhAAL  |c BD-DhAAL 
110 2 |a International Monetary Fund. 
245 1 0 |a Nepal :   |b Recent Economic Developments. 
264 1 |a Washington, D.C. :  |b International Monetary Fund,  |c 1997. 
300 |a 1 online resource (73 pages) 
490 1 |a IMF Staff Country Reports 
500 |a <strong>Off-Campus Access:</strong> No User ID or Password Required 
500 |a <strong>On-Campus Access:</strong> No User ID or Password Required 
506 |a Electronic access restricted to authorized BRAC University faculty, staff and students 
520 3 |a This paper reviews economic developments in Nepal during 1990-97. With a new government coming to office in December 1994, progress on structural reforms stalled in 1994/95 and financial policies weakened. GDP growth slowed to 2.9 percent, reflecting adverse conditions in agriculture. The external situation deteriorated further in the first quarter of 1995/96 in part because interest rates in Nepal did not rise in line with rates in India, where monetary policy had tightened. Following a further change in government in September 1995, steps were taken to address the emerging macroeconomic imbalances. 
538 |a Mode of access: Internet 
830 0 |a IMF Staff Country Reports; Country Report ;  |v No. 1997/062 
856 4 0 |z Full text available on IMF  |u http://elibrary.imf.org/view/journals/002/1997/062/002.1997.issue-062-en.xml  |z IMF e-Library